<?xml version="1.0" encoding="UTF-8"?><?xml-stylesheet type="text/xsl" href="static/style.xsl"?><OAI-PMH xmlns="http://www.openarchives.org/OAI/2.0/" xmlns:xsi="http://www.w3.org/2001/XMLSchema-instance" xsi:schemaLocation="http://www.openarchives.org/OAI/2.0/ http://www.openarchives.org/OAI/2.0/OAI-PMH.xsd"><responseDate>2026-04-14T02:31:48Z</responseDate><request verb="GetRecord" identifier="oai:www.recercat.cat:10230/26307" metadataPrefix="marc">https://recercat.cat/oai/request</request><GetRecord><record><header><identifier>oai:recercat.cat:10230/26307</identifier><datestamp>2025-12-20T16:43:08Z</datestamp><setSpec>com_2072_6</setSpec><setSpec>col_2072_452952</setSpec></header><metadata><record xmlns="http://www.loc.gov/MARC21/slim" xmlns:dcterms="http://purl.org/dc/terms/" xmlns:xsi="http://www.w3.org/2001/XMLSchema-instance" xmlns:doc="http://www.lyncode.com/xoai" xsi:schemaLocation="http://www.loc.gov/MARC21/slim http://www.loc.gov/standards/marcxml/schema/MARC21slim.xsd">
   <leader>00925njm 22002777a 4500</leader>
   <datafield ind2=" " ind1=" " tag="042">
      <subfield code="a">dc</subfield>
   </datafield>
   <datafield ind2=" " ind1=" " tag="720">
      <subfield code="a">Delli Bovi, Claudio</subfield>
      <subfield code="e">author</subfield>
   </datafield>
   <datafield ind2=" " ind1=" " tag="720">
      <subfield code="a">Espinosa-Anke, Luis</subfield>
      <subfield code="e">author</subfield>
   </datafield>
   <datafield ind2=" " ind1=" " tag="720">
      <subfield code="a">Navigli, Roberto</subfield>
      <subfield code="e">author</subfield>
   </datafield>
   <datafield ind2=" " ind1=" " tag="260">
      <subfield code="c">2016-05-19T16:43:17Z</subfield>
   </datafield>
   <datafield ind2=" " ind1=" " tag="260">
      <subfield code="c">2016-05-19T16:43:17Z</subfield>
   </datafield>
   <datafield ind2=" " ind1=" " tag="260">
      <subfield code="c">2015</subfield>
   </datafield>
   <datafield ind2=" " ind1=" " tag="520">
      <subfield code="a">Paper presented at The 2015 Conference on Empirical Methods in Natural Language; 2015 Sept 17-21; Lisbon, Portugal.</subfield>
   </datafield>
   <datafield ind2=" " ind1=" " tag="520">
      <subfield code="a">We present KB-UNIFY, a novel approach for integrating the output of different Open Information Extraction systems into a single unified and fully disambiguated knowledge repository. KB-UNIFY consists of three main steps: (1) disambiguation of relation argument pairs via a sensebased vector representation and a large unified sense inventory; (2) ranking of semantic relations according to their degree of specificity; (3) cross-resource relation alignment and merging based on the semantic similarity of domains and ranges. We tested KB-UNIFY on a set of four heterogeneous knowledge bases, obtaining high-quality results. We discuss and provide evaluations at each stage, and release output and evaluation data for the use and scrutiny of the community.</subfield>
   </datafield>
   <datafield ind2=" " ind1=" " tag="520">
      <subfield code="a">The authors gratefully acknowledge the support of the ERC Starting Grant MultiJEDI No. 259234.</subfield>
   </datafield>
   <datafield ind2="0" ind1="0" tag="245">
      <subfield code="a">Knowledge base unification via sense embeddings and disambiguation</subfield>
   </datafield>
</record></metadata></record></GetRecord></OAI-PMH>